World Map Quiz - Statistics

General Stats
  • This quiz has been taken 15 times
  • The average score is 151 of 196
Answers on the Map
Answers color-coded by a green-red scale on the quiz's map according to % correct below.
 
Answer Stats
Answer % Correct
Australia
100%
Brazil
100%
Canada
100%
China
100%
Colombia
100%
Finland
100%
France
100%
Germany
100%
Iceland
100%
India
100%
Japan
100%
Mexico
100%
Myanmar
100%
New Zealand
100%
North Korea
100%
Norway
100%
Pakistan
100%
Russia
100%
South Africa
100%
South Korea
100%
Sweden
100%
Taiwan
100%
Thailand
100%
United States of America
100%
Venezuela
100%
Vietnam
100%
Algeria
92%
Argentina
92%
Austria
92%
Belarus
92%
Belgium
92%
Bolivia
92%
Cambodia
92%
Chad
92%
Chile
92%
Cuba
92%
Democratic Republic of the Congo
92%
Denmark
92%
Ecuador
92%
Egypt
92%
Estonia
92%
Greece
92%
Haiti
92%
Indonesia
92%
Ireland
92%
Italy
92%
Jamaica
92%
Jordan
92%
Kazakhstan
92%
Laos
92%
Latvia
92%
Libya
92%
Lithuania
92%
Madagascar
92%
Malaysia
92%
Mongolia
92%
Morocco
92%
Nepal
92%
Netherlands
92%
Panama
92%
Peru
92%
Philippines
92%
Poland
92%
Portugal
92%
Saudi Arabia
92%
South Sudan
92%
Spain
92%
Sri Lanka
92%
Sudan
92%
Suriname
92%
Switzerland
92%
Syria
92%
Tunisia
92%
Turkey
92%
Ukraine
92%
United Kingdom
92%
Uruguay
92%
Afghanistan
83%
Bahamas
83%
Bangladesh
83%
Belize
83%
Bhutan
83%
Botswana
83%
Cameroon
83%
Central African Republic
83%
Croatia
83%
Cyprus
83%
Djibouti
83%
Dominican Republic
83%
Eritrea
83%
Ethiopia
83%
Georgia
83%
Iran
83%
Iraq
83%
Israel
83%
Kenya
83%
Kuwait
83%
Maldives
83%
Mozambique
83%
Namibia
83%
Niger
83%
Nigeria
83%
North Macedonia
83%
Oman
83%
Papua New Guinea
83%
Paraguay
83%
Qatar
83%
Romania
83%
Slovakia
83%
Somalia
83%
Tanzania
83%
United Arab Emirates
83%
Yemen
83%
Albania
75%
Angola
75%
Azerbaijan
75%
Bosnia and Herzegovina
75%
Bulgaria
75%
Cape Verde
75%
Comoros
75%
Costa Rica
75%
Czech Republic
75%
East Timor
75%
Equatorial Guinea
75%
Gabon
75%
Hungary
75%
Ivory Coast
75%
Lebanon
75%
Luxembourg
75%
Malawi
75%
Malta
75%
Mauritania
75%
Moldova
75%
Republic of the Congo
75%
Rwanda
75%
Serbia
75%
Seychelles
75%
Slovenia
75%
Tajikistan
75%
Turkmenistan
75%
Uganda
75%
Uzbekistan
75%
Zambia
75%
Zimbabwe
75%
Armenia
67%
Benin
67%
Burkina Faso
67%
El Salvador
67%
Eswatini
67%
Ghana
67%
Guatemala
67%
Guinea
67%
Guinea-Bissau
67%
Guyana
67%
Honduras
67%
Kosovo
67%
Kyrgyzstan
67%
Lesotho
67%
Liberia
67%
Mali
67%
Montenegro
67%
Nicaragua
67%
Senegal
67%
Burundi
58%
Kiribati
58%
Mauritius
58%
São Tomé and Príncipe
58%
Sierra Leone
58%
Togo
58%
Solomon Islands
50%
The Gambia
50%
Trinidad and Tobago
50%
Bahrain
42%
Federated States of Micronesia
42%
Marshall Islands
42%
Nauru
42%
Palau
42%
San Marino
42%
Vanuatu
42%
Andorra
33%
Brunei
33%
Liechtenstein
33%
Monaco
33%
Tonga
33%
Vatican City
33%
Barbados
25%
Fiji
25%
Saint Kitts & Nevis
25%
Saint Lucia
25%
Saint Vincent and the Grenadines
25%
Samoa
25%
Singapore
25%
Tuvalu
25%
Antigua and Barbuda
17%
Dominica
8%
Grenada
0%
No matching quizzes found
Score Distribution
Percent of People with Each Score
Percentile by Number Answered
Your Score History
You have not taken this quiz